|
|
|
|
| LEADER |
01016cam a22002295i 4500 |
| 005 |
20200204144506.0 |
| 008 |
130710t20132013ii ab b 011 0 eng d |
| 999 |
|
|
|c 7844
|d 7844
|
| 020 |
|
|
|a 9788184842500
|
| 020 |
|
|
|a 8184842503
|
| 082 |
0 |
4 |
|a 333.741 ZEN/HAZ
|2 23
|
| 245 |
0 |
0 |
|a Environmental problems and challenges :
|b recent issues and opportunities : a festschrift for Professor Raj Kumar Sen /
|c edited by Somnath Hazra.
|
| 300 |
|
|
|a 540p.
|
| 650 |
|
0 |
|a Environmental degradation
|
| 650 |
|
0 |
|a Pollution
|
| 650 |
|
0 |
|a Natural resources
|
| 650 |
|
0 |
|a Environmental management
|
| 700 |
1 |
|
|a Sen, Raj Kumar,
|e honouree.
|
| 700 |
1 |
|
|a Hazra, Somnath,
|e editor of compilation.
|
| 942 |
|
|
|2 ddc
|c BK
|
| 952 |
|
|
|0 0
|1 0
|2 ddc
|4 0
|6 333_741000000000000_ZEN_HAZ
|7 0
|9 11157
|a MAIN
|b MAIN
|d 2014-09-24
|e Regal Publications, New Delhi
|g 2200.00
|l 2
|o 333.741 ZEN/HAZ
|p 11462
|r 2017-05-11
|s 2016-11-05
|t 1
|w 2014-09-24
|y BK
|
| 952 |
|
|
|0 0
|1 0
|2 ddc
|4 0
|6 333_741000000000000_ZEN_HAZ
|7 0
|9 39185
|a MAIN
|b MAIN
|d 2020-02-04
|o 333.741 ZEN/HAZ
|r 2020-02-04
|w 2020-02-04
|y BK
|